| 000 | 00876nam a22002177a 4500 | ||
|---|---|---|---|
| 005 | 20230125093100.0 | ||
| 008 | 230125b ||||| |||| 00| 0 eng d | ||
| 020 | _a8188573272 | ||
| 040 | _cAL | ||
| 041 | _ahin | ||
| 082 |
_223 _aH891.109 _bMAHS |
||
| 100 |
_aGirish Mahajan: गिरीश महाजन _969759 |
||
| 245 |
_aSaptak kavya mein vyangya vidhan: _b सप्तक काव्य में व्यंग्य विधान |
||
| 260 |
_aKanpur _bChandralok Prakashan _c2005 |
||
| 300 |
_a191p. _bHB _c22x14cm. |
||
| 365 |
_2Hindi _a1831 _b255.00 _c₹ _d300.00 _e15% _f11-12-2022 |
||
| 650 |
_aHindi Poetry Criticism: हिंदी कविता विमर्श _969753 |
||
| 650 |
_aHindi Literature: हिंदी साहित्य _969754 |
||
| 700 |
_aMAHAJAN (Girish): महाजन (गिरीश) _969755 |
||
| 942 |
_2ddc _cBK |
||
| 999 |
_c226426 _d226426 |
||